Générique Rolie Polie Olie - Paroles - Statistiques

Statistiques générales
  • Ce quiz a été pris 35 fois
  • Le résultat moyen est 13 sur 22
Statistiques - réponses
Paroles % Correct
C'est Rolie Polie {Olie}
91%
Mini, malin, tout {rond}
85%
C'est bien lui le plus {mignon}
82%
C'est Rolie Polie {Olie}
74%
Mini, malin, tout {rond}
74%
C'est bien lui le plus {mignon}
71%
Avec lui, tout tourne {rond}
68%
Avec lui, tout tourne {rond}
65%
Avec lui, tout tourne {rond}
62%
C'est le plus {mignon}
62%
Hourra ! {Hourra} !
59%
Hourra ! {Hourra} !
56%
Au pays des cercles et des {sphères}
50%
Tout là-haut dans le {ciel} Rolie Polie
50%
Au pays des cercles et des {sphères}
47%
Au pays des cercles et des {sphères}
47%
Au pays des cercles et des {sphères}
44%
Au pays des cercles et des {sphères}
44%
Oh oui ! {Youpi} !
44%
Brille la petite planète {ronde}
38%
Oh oui ! {Youpi} !
38%
D'un garçon très {gentil}
26%
Aucun quiz correspondant
Distribution des résultats
% des personnes avec chaque résultat
Percentile par nombre de réponses
Votre historique - résultats
Vous n’avez pas pris ce quiz